00289nam a2200121Ia 4500008004100000041000900041082001700050100002600067245001800093260004000111300000800151650000800159230718s9999 xx 000 0 und d aEng. a340.7bDAB-H aDabbas, James Mcbride 0aHeroes Roques aPakistanb"Mampoo book house c2004 a245 aLaw